| 000 | 00808nam a22002297a 4500 | ||
|---|---|---|---|
| 005 | 20201125063816.0 | ||
| 008 | 140706s2010 xxkek fr 001 0 eng d | ||
| 020 | _a9781859645543 | ||
| 040 | _aEG-ScBUE | ||
| 082 | 0 | 4 |
_222 _a428.0071 _bCLA |
| 100 | 1 |
_aClarke, Yvonne E. _936041 |
|
| 245 | 1 | 0 |
_aHow idioms work : _bresource book / _cYvonne Clarke ; with illustrations by Martin Jones. |
| 250 |
_a1st ed., _bgarnet ed. |
||
| 260 |
_a[London] : _bGarnet Publishing Ltd., _c2010 _e([Beirut] : _fInternational Press) |
||
| 300 |
_a111 p. : _bforms, plans ; _c30 cm. |
||
| 500 | _aIndex : p. 109-111. | ||
| 650 | 0 |
_aEnglish language _xIdioms _xStudy and teaching _936042 |
|
| 653 |
_bEEENG _cJuly2014 |
||
| 655 |
_vreading book _934232 |
||
| 700 | 1 |
_aJones, Martin, _eillustrator. _936043 |
|
| 942 |
_2ddc _k428.0071 CLA |
||
| 999 |
_c18343 _d18315 |
||